Gaming Quiz

Random Gaming or Nintendo Quiz

Click an 8-Bit Hero Quiz Stats

Quiz Updated Jul 7, 2016

Challenge
Share
Tweet
Score 0/21 Timer 03:00
14 Plays Today
% Correct
Mario
Super Mario Bros. 3
92.3%
Batman:
The Video Game
91.4%
Scrooge McDuck
DuckTales
90.8%
Kirby
Kirby's Adventure
90.3%
Link
Zelda II
89.5%
Little Mac
Punch-Out!!
85.8%
Mega Man
Mega Man Series
85.6%
Thomas
Kung-Fu
83.3%
Pit
Kid Icarus
80.8%
Ryu Hayabusa
Ninja Gaiden
79.4%
Nana
Ice Climber
77.7%
% Correct
Samus Aran
Metroid
77.2%
Footbag Player
California Games
73.7%
Lance
Contra
73.4%
Pimple
Battletoads
71.7%
Bub
Bubble Bobble
71.3%
Simon Belmont
Castlevania
68.8%
Billy Lee
Double Dragon
59.2%
Legendary Warrior
Rygar
58.2%
Jason
Blaster Master
58%
Sir Arthur
Ghosts n' Goblins
57.3%

You're not logged in!

Compare scores with friends on all Sporcle quizzes.
Sign Up with Email
OR
Log In

You Might Also Like...

Show Comments

Extras

Top Quizzes Today


Score Distribution

Your Account Isn't Verified!

In order to create a playlist on Sporcle, you need to verify the email address you used during registration. Go to your Sporcle Settings to finish the process.